A handbook of IRDP: planning, monitoring and co-ordination (Record no. 475483)

000 -LEADER
fixed length control field 00386cam a22001217a 4500
008 - FIXED-LENGTH DATA ELEMENTS--GENERAL INFORMATION
fixed length control field 180718b1992 xxu||||| |||| 00| 0 eng d
082 ## - DEWEY DECIMAL CLASSIFICATION NUMBER
Classification number B136x54 Sa82h
100 ## - MAIN ENTRY--PERSONAL NAME
Personal name Satapathy, K.M.
245 ## - TITLE STATEMENT
Title A handbook of IRDP: planning, monitoring and co-ordination
Statement of responsibility, etc. by K.M. Satapathy
260 ## - PUBLICATION, DISTRIBUTION, ETC.
Place of publication, distribution, etc. Bhubaneswar
Name of publisher, distributor, etc. Satapathy and Partner
Date of publication, distribution, etc. 1992
300 ## - PHYSICAL DESCRIPTION
Extent 139p.
650 ## - SUBJECT ADDED ENTRY--TOPICAL TERM
Topical term or geographic name entry element Rural development - India
Holdings
Withdrawn status Lost status Damaged status Not for loan Permanent Location Current Location Date acquired Full call number Barcode Date last seen Price effective from Koha item type
        Indian Institute of Public Administration Indian Institute of Public Administration 2018-08-04 B136x54 Sa82h GR12677 2018-08-04 2018-08-04 GR

Powered by Koha